Regions of Eritrea Map Quiz - Statistics

General Stats
  • This quiz has been taken 429 times
  • The average score is 4 of 6
Answers on the Map
Answers color-coded by a green-red scale on the quiz's map according to % correct below.
 
Answer Stats
Answer % Correct
Southern Red Sea Region
90%
Northern Red Sea Region
86%
Maekel Region
55%
Debub Region
52%
Gash-Barka Region
50%
Anseba Region
48%
No matching quizzes found
Score Distribution
Percent of People with Each Score
Percentile by Number Answered
Your Score History
You have not taken this quiz